00930 a2200193 45000010006000000050017000060080041000230030015000640400040000790800104001192450051002230200022002742640043002963000018003395050250003570410008006071000026006158560095006414048520260407155659.0260407a2015 arg spa dAR-UNSa-BCEJYS aAR-UNSa-BCEJYSbspacAR-UNSa-BCEJYS a351.72xFinanzas públicas. Legislación (Contabilidad Pública, Administración financiera...)10aTesoro público y administración financiera a978-987-716-033-8 1aBuenos Aires :bOsmar D. Buyattic2015 a86 p.c22 cm. a1. Tesoro público - 2. La organización de los tesoros modernos - 3. La programación financiera - 4. Caracterización de las reformas recientes en las tesorerías de América Latina - 5. Etica y responsabilidad social - 6. En perspectiva aspa1 aDomper, Jorge Horacio41uhttps://biblioeco.unsa.edu.ar/pmb/images/libros/L126014.jpgyImagen de portadaqimage/jpeg